000 00291nam a22001457a 4500
003 SGT
082 _a615.58
_bH11C
100 _aCCRH
245 _aHOMOEOPATHIC DRUG PROVINGS
260 _aDELHI
_bCCRH
_c2011
300 _a49
650 _aHOMOEOPATHIC
653 _aDRUG
942 _2ddc
_cBK
999 _c18191
_d18191